| 000 | 00622cam a2200241 4500 | ||
|---|---|---|---|
| 001 | X128694 | ||
| 008 | 050201n2005 000 0 eng u | ||
| 035 | _a(Sirsi) u128694 | ||
| 245 | _aProperty nation: Somerset, Devon and Cornwall | ||
| 260 | _c2005 | ||
| 490 |
_aProperty Week _v70(3) 21 January 2005, 41-50(6) |
||
| 650 | _aDEVON | ||
| 650 | _aCORNWALL | ||
| 650 | _aRETAIL | ||
| 650 | _aPLYMOUTH | ||
| 650 | _aEXETER | ||
| 650 | _aAIRPORTS | ||
| 650 | _aCAMBORNE | ||
| 650 | _aOFFICES | ||
| 650 | _aSOUTHWEST ENGLAND | ||
| 690 | _aPROPERTY-COMMERCIAL PROPERTY-COMMERCIAL PROPERTY MARKET | ||
| 942 | _n0 | ||
| 999 |
_c74781 _d74781 |
||